[Event "Quebec-ch U10"]
[Site "Montreal"]
[Date "2016.01.16"]
[Round "3"]
[White "Lim, Nicolas"]
[Black "Lei, Storm"]
[Result "1-0"]
[WhiteElo "850"]
[BlackElo "1238"]
[PlyCount "103"]
[EventDate "2016.01.15"]
[EventType "swiss"]
[EventRounds "5"]
[EventCountry "CAN"]
[SourceTitle "EXT 2017"]
[Source "ChessBase"]
[SourceDate "2016.10.25"]
[SourceVersion "1"]
[SourceVersionDate "2016.10.25"]
[SourceQuality "1"]

1. d4 d5 2. c4 Nf6 3. cxd5 Nxd5 4. e4 Nf6 5. e5 Nd5 6. Nf3 e6 7. Bg5 Be7 8. Bxe7 Qxe7 9. Bc4 Qb4+ 10. Nbd2 Qxb2 11. Bxd5 exd5 12. Qa4+ Nc6 13. 0-0 0-0 14. Rab1 Qc3 15. Rfc1 Qa5 16. Qxa5 Nxa5 17. Rxc7 Nc6 18. h3 h6 19. Nb3 Bf5 20. Re1 Rab8 21. Nc5 b6 22. Nd7 Bxd7 23. Rxd7 Nb4 24. Rxa7 Ra8 25. Rb7 Rab8 26. Rxb8 Rxb8 27. Rd1 Nc2 28. Rc1 Nb4 29. a3 Nd3 30. Rc3 Nf4 31. Kh2 Ne6 32. Rc6 b5 33. Rd6 Nc7 34. Rd7 Rb7 35. Nd2 Kf8 36. Nb3 Ke8 37. Nc5 Ra7 38. g3 g5 39. f4 Kf8 40. fxg5 hxg5 41. h4 gxh4 42. gxh4 Kg7 43. Kg3 Kg6 44. Kg4 f5+ 45. Kf4 Kh5 46. Kxf5 Kxh4 47. e6 Rxa3 48. Rxc7 Ra8 49. e7 b4 50. Rd7 Re8 51. Nb3 Kg3 52. Kf6 1-0